000 00302nam a22001337a 4500
008 170608b xxu||||| |||| 00| 0 eng d
020 _a9780155035799
041 _aeng
080 _24TH
_a93
100 _a17
101 _aSHH
245 _aHUMAN EVOLUTION AND PREHISTORY
_cHAVILAND
942 _2udc
_cBK
999 _c16390
_d16390